000 00571nam a2200181Ia 4500
005 20250326125559.0
008 250326s9999 xx 000 0 und d
037 _aTextbook
040 _aFMSL
_beng
_cFMSL
041 _aeng
_2eng
084 _aX:517.N68t4 L0
_qFMSL
100 _aDepartment OF Trade And Industry
_9738918
245 0 _aSurvey of mergers 1958-1968
_cDepartment OF Trade And Industry
260 _aLondon
_bLondon, Her majestry's Stationery Office
_c1970
300 _a41p
942 _cTB
_hX:517.N68t4 L0
999 _c1278665
_d1278665